[Event "New York Summer IM-C"]
[Site "New York"]
[Date "2022.07.11"]
[Round "8"]
[White "Le, Nguyen Khoi Nguyen"]
[Black "Asavasaetakul, Chawit"]
[Result "0-1"]
[WhiteElo "2001"]
[BlackElo "1948"]
[PlyCount "108"]
[EventDate "2022.07.07"]
[EventType "tourn"]
[EventRounds "9"]
[EventCountry "USA"]
[SourceTitle "CBM 209 Extra"]
[Source "ChessBase"]
[SourceDate "2022.09.30"]
[SourceVersion "1"]
[SourceVersionDate "2022.09.30"]
[SourceQuality "1"]

1. e4 c6 2. d4 d5 3. e5 g6 4. Nf3 h5 5. c4 Bg4 6. h3 Bxf3 7. Qxf3 e6 8. a3 dxc4 9. Be3 b5 10. Nc3 Qa5 11. Bd2 Qb6 12. Ne4 a5 13. Be2 Nd7 14. 0-0 Qxd4 15. Bc3 Qb6 16. Rfd1 Nh6 17. Qf6 Rg8 18. Qg5 Nf5 19. Qd2 Ra7 20. Qxd7+ Rxd7 21. Nf6+ Kd8 22. Nxd7 Qc7 23. Nf6+ Kc8 24. Nxg8 Bc5 25. Nf6 Bxf2+ 26. Kxf2 Qb6+ 27. Ke1 Qg1+ 28. Kd2 Qe3+ 29. Kc2 Qxe2+ 30. Rd2 Qe3 31. Rad1 b4 32. axb4 axb4 33. Rd8+ Kb7 34. R1d7+ Kb6 35. Rb8+ Ka6 36. Rxb4 Qg1 37. Bd2 Nd4+ 38. Kc3 Nb5+ 39. Kxc4 Qd1 40. Kd3 c5 41. Rf4 Nd4 42. Rfxd4 cxd4 43. Rxd4 Qf1+ 44. Kc2 Qxg2 45. h4 Qf2 46. Re4 g5 47. hxg5 h4 48. Rf4 Qc5+ 49. Bc3 h3 50. Nd7 Qg1 51. Rb4 Qg2+ 52. Kb1 h2 53. Nb8+ Ka7 54. Bd4+ Ka8 0-1

[Event "New York Summer IM-C"]
[Site "New York"]
[Date "2022.07.09"]
[Round "4"]
[White "Huston, Gus"]
[Black "Asavasaetakul, Chawit"]
[Result "1-0"]
[WhiteElo "2282"]
[BlackElo "1948"]
[PlyCount "135"]
[EventDate "2022.07.07"]
[EventType "tourn"]
[EventRounds "9"]
[EventCountry "USA"]
[SourceTitle "CBM 209 Extra"]
[Source "ChessBase"]
[SourceDate "2022.09.30"]
[SourceVersion "1"]
[SourceVersionDate "2022.09.30"]
[SourceQuality "1"]

1. e4 c6 2. d4 d5 3. Nc3 dxe4 4. Nxe4 Bf5 5. Ng3 Bg6 6. Nf3 Nd7 7. h4 h6 8. h5 Bh7 9. Bd3 Bxd3 10. Qxd3 e6 11. Bf4 Qa5+ 12. Bd2 Bb4 13. c3 Be7 14. c4 Qc7 15. Qe2 Ngf6 16. Ne5 0-0 17. 0-0 c5 18. Nxd7 Qxd7 19. dxc5 Bxc5 20. Bc3 Bd4 21. Rad1 e5 22. Qf3 Qc6 23. Qxc6 bxc6 24. Bxd4 exd4 25. Rxd4 Rfe8 26. Rd6 c5 27. Rfd1 Kf8 28. f3 Re5 29. Rd8+ Rxd8 30. Rxd8+ Re8 31. Rxe8+ Kxe8 32. Kf2 Kd7 33. Ke3 Ke6 34. Ne4 Nd7 35. b3 f5 36. Nf2 Kf6 37. f4 Ke6 38. Nd3 Kd6 39. a3 a5 40. b4 cxb4 41. axb4 axb4 42. Nxb4 Nf6 43. Kd4 Nxh5 44. c5+ Ke6 45. Nd5 g5 46. c6 Kd6 47. c7 Kd7 48. fxg5 hxg5 49. Ke5 Ng3 50. Kf6 Ne4+ 51. Kxf5 Nd6+ 52. Ke5 g4 53. g3 Nf7+ 54. Kd4 Nd6 55. Kc5 Ne4+ 56. Kb6 Nd6 57. Nf6+ Kc8 58. Kc6 Nc4 59. Nd5 Ne5+ 60. Kd6 Nc4+ 61. Kc5 Ne5 62. Kd6 Nc4+ 63. Ke6 Nd2 64. Kf5 Nc4 65. Kxg4 Nd6 66. Kf4 Kd7 67. Ke5 Kc6 68. Ke6 1-0

[Event "World op 50th"]
[Site "Philadelphia"]
[Date "2022.07.04"]
[Round "9"]
[White "Asavasaetakul, Chawit"]
[Black "Kovalchuk, Igor"]
[Result "1-0"]
[WhiteElo "1948"]
[BlackElo "2040"]
[PlyCount "77"]
[EventDate "2022.06.30"]
[EventType "swiss"]
[EventRounds "9"]
[EventCountry "USA"]
[SourceTitle "CBM 209 Extra"]
[Source "ChessBase"]
[SourceDate "2022.09.30"]
[SourceVersion "1"]
[SourceVersionDate "2022.09.30"]
[SourceQuality "1"]

1. d4 Nf6 2. Nf3 e6 3. Bf4 c5 4. c3 b6 5. e3 Be7 6. Nbd2 0-0 7. h3 Ba6 8. Bxa6 Nxa6 9. 0-0 cxd4 10. exd4 Nc7 11. a4 Ncd5 12. Bh2 Ne8 13. Qb3 Bd6 14. Bxd6 Nxd6 15. c4 Nf4 16. Qe3 g5 17. h4 f6 18. g3 Nf5 19. Qe4 Ng6 20. d5 Ng7 21. hxg5 fxg5 22. dxe6 dxe6 23. Rad1 Qf6 24. Qd4 e5 25. Qe3 g4 26. Nh2 h5 27. Ne4 Qf5 28. f3 gxf3 29. Rxf3 Nf4 30. gxf4 exf4 31. Qd3 Rae8 32. Nd6 Qc5+ 33. Kh1 Re5 34. Rg1 Rg5 35. Rxg5 Qxg5 36. Qd5+ Qxd5 37. cxd5 Rd8 38. Ne4 Kh8 39. Rxf4 1-0

[Event "Philadelphia int op 15th"]
[Site "Philadelphia"]
[Date "2022.06.28"]
[Round "9"]
[White "Edwards, Emar"]
[Black "Asavasaetakul, Chawit"]
[Result "0-1"]
[WhiteElo "1708"]
[BlackElo "1933"]
[PlyCount "82"]
[EventDate "2022.06.24"]
[EventType "swiss"]
[EventRounds "9"]
[EventCountry "USA"]
[SourceTitle "CBM 209 Extra"]
[Source "ChessBase"]
[SourceDate "2022.09.30"]
[SourceVersion "1"]
[SourceVersionDate "2022.09.30"]
[SourceQuality "1"]

1. e4 c6 2. Nf3 d5 3. Nc3 Bg4 4. h3 Bxf3 5. Qxf3 Nf6 6. d3 e6 7. Bd2 h5 8. 0-0-0 d4 9. Nb1 c5 10. Be2 Nfd7 11. g4 h4 12. Qg2 Nc6 13. f4 Nb4 14. Bxb4 cxb4 15. e5 Qc7 16. Bf3 Nc5 17. Kd2 g5 18. f5 Qxe5 19. Rde1 Qc7 20. fxe6 fxe6 21. Bd5 Rh6 22. Rhf1 0-0-0 23. Bc4 Bd6 24. Kd1 Bf4 25. Nd2 e5 26. Re2 Na4 27. Kc1 Nc3 28. Ref2 Na4 29. Kb1 Nb6 30. Bb3 Kb8 31. Re2 a5 32. Qe4 a4 33. Bc4 Rhh8 34. Rxf4 exf4 35. Qf5 Rhe8 36. Re4 Rxe4 37. Qxe4 Nxc4 38. Nxc4 f3 39. Qxf3 Qg3 40. Qf1 Re8 41. Ne5 Qxe5 0-1

[Event "THA-ch"]
[Site "Bangkok"]
[Date "2020.02.10"]
[Round "9"]
[White "Asavasaetakul, Chawit"]
[Black "Wongsawan, Thoetsak"]
[Result "1/2-1/2"]
[WhiteElo "1799"]
[BlackElo "1822"]
[PlyCount "63"]
[EventDate "2020.02.06"]
[EventType "swiss"]
[EventRounds "9"]
[EventCountry "THA"]
[SourceTitle "CBM 195 Extra"]
[Source "ChessBase"]
[SourceDate "2020.05.31"]
[SourceVersion "1"]
[SourceVersionDate "2020.05.31"]
[SourceQuality "1"]

1. d4 Nf6 2. Bf4 d5 3. e3 c5 4. Nf3 Nc6 5. Nbd2 Qb6 6. dxc5 Qxc5 7. a3 a5 8. c4 Bg4 9. Be2 e6 10. 0-0 Be7 11. cxd5 Qxd5 12. Nc4 Qxd1 13. Rfxd1 Nd5 14. Bd6 Bxd6 15. Nxd6+ Ke7 16. Nb5 Rhd8 17. h3 Bh5 18. Rac1 Rac8 19. g4 Bg6 20. Nfd4 Nxd4 21. Nxd4 Nb6 22. Bf3 e5 23. Nf5+ Bxf5 24. gxf5 Rxd1+ 25. Rxd1 Rc2 26. b4 axb4 27. axb4 Rb2 28. Rc1 Rxb4 29. Rc7+ Nd7 30. f6+ gxf6 31. Bg4 Ke8 32. Rc8+ 1/2-1/2

[Event "THA-ch"]
[Site "Bangkok"]
[Date "2020.02.09"]
[Round "7"]
[White "Asavasaetakul, Chawit"]
[Black "Pornariyasombat, Atippat"]
[Result "0-1"]
[WhiteElo "1799"]
[BlackElo "1977"]
[PlyCount "116"]
[EventDate "2020.02.06"]
[EventType "swiss"]
[EventRounds "9"]
[EventCountry "THA"]
[SourceTitle "CBM 195 Extra"]
[Source "ChessBase"]
[SourceDate "2020.05.31"]
[SourceVersion "1"]
[SourceVersionDate "2020.05.31"]
[SourceQuality "1"]

1. d4 g6 2. Bf4 Bg7 3. e3 c5 4. c3 cxd4 5. exd4 d6 6. Bc4 Nf6 7. Nf3 0-0 8. 0-0 Nc6 9. Re1 Bg4 10. h3 Bxf3 11. Qxf3 Qc7 12. Nd2 Rad8 13. Rad1 e5 14. Bg5 Nh5 15. Bxd8 Rxd8 16. d5 Ne7 17. Bb3 f5 18. Qe3 b6 19. Nf3 Qd7 20. Qe2 Nf4 21. Qa6 h6 22. Qa4 b5 23. Qa5 Kh7 24. a4 e4 25. Nd4 Nd3 26. Ne6 Rb8 27. Re2 bxa4 28. Bxa4 Qb7 29. Qc7 Qxc7 30. Nxc7 Nxb2 31. Rb1 Bxc3 32. Bb5 Rb7 33. Rc2 Rxc7 34. Rbxb2 Nxd5 35. Rb3 a5 36. Ba6 Bb4 37. Bc4 Kg7 38. Rbb2 Nc3 39. Bb3 Kf6 40. Rb1 Rc5 41. Ra1 d5 42. Rd2 d4 43. Kf1 d3 44. g3 Ne2 45. Rxe2 dxe2+ 46. Kxe2 Rc3 47. Ba4 g5 48. Ra2 f4 49. Rc2 f3+ 50. Kd1 Ke5 51. Rxc3 Bxc3 52. Bc6 Kd4 53. h4 g4 54. Bd7 e3 55. fxe3+ Kxe3 56. Bxg4 Be5 57. Bd7 Bxg3 58. h5 Kf2 0-1

[Event "THA-ch"]
[Site "Bangkok"]
[Date "2020.02.09"]
[Round "8"]
[White "Sajjapornthep, Jarunpol"]
[Black "Asavasaetakul, Chawit"]
[Result "1/2-1/2"]
[WhiteElo "1869"]
[BlackElo "1799"]
[PlyCount "78"]
[EventDate "2020.02.06"]
[EventType "swiss"]
[EventRounds "9"]
[EventCountry "THA"]
[SourceTitle "CBM 195 Extra"]
[Source "ChessBase"]
[SourceDate "2020.05.31"]
[SourceVersion "1"]
[SourceVersionDate "2020.05.31"]
[SourceQuality "1"]

1. c4 c6 2. d4 d5 3. cxd5 cxd5 4. Nc3 Nf6 5. Bg5 Ne4 6. Bd2 Nxd2 7. Qxd2 Bf5 8. e3 e6 9. Nf3 Bd6 10. Bd3 Bxd3 11. Qxd3 0-0 12. 0-0 Nd7 13. Nb5 Be7 14. Ne5 a6 15. Nc3 Nxe5 16. dxe5 b5 17. f4 f5 18. Rac1 Rc8 19. Ne2 Qb6 20. Nd4 Bc5 21. b3 Bxd4 22. exd4 Rc6 23. Rc3 b4 24. Rxc6 Qxc6 25. Rd1 Rc8 26. h3 Qc2 27. Qf1 Qxa2 28. Ra1 Qd2 29. Rd1 Qe3+ 30. Kh2 Rc6 31. Rd3 Rc1 32. Rd1 Rxd1 33. Qxd1 Qxf4+ 34. Kh1 Qe4 35. Qh5 Kf8 36. Qg5 f4 37. Qd8+ Kf7 38. Qd7+ Kf8 39. Qd6+ Kf7 1/2-1/2

[Event "THA-chT"]
[Site "Bangkok"]
[Date "2019.12.17"]
[Round "3.2"]
[White "Alriyami, Faris Rashid"]
[Black "Asavasaetakul, Chawit"]
[Result "1-0"]
[WhiteElo "1632"]
[BlackElo "1777"]
[PlyCount "65"]
[EventDate "2019.12.16"]
[EventType "team-swiss"]
[EventRounds "9"]
[EventCountry "THA"]
[SourceTitle "CBM 194 Extra"]
[Source "ChessBase"]
[SourceDate "2020.03.31"]
[SourceVersion "1"]
[SourceVersionDate "2020.03.31"]
[SourceQuality "1"]
[WhiteTeam "Red Knight CC"]
[BlackTeam "Double Bishop Junior"]
[WhiteTeamCountry "THA"]
[BlackTeamCountry "THA"]

1. e4 c6 2. d4 d5 3. exd5 cxd5 4. c4 Nf6 5. Nc3 Nc6 6. Bg5 e6 7. Nf3 Be7 8. c5 0-0 9. Bb5 Ne4 10. Bxe7 Nxe7 11. Rc1 Qa5 12. Bd3 f5 13. a3 Ng6 14. 0-0 Qd8 15. b4 a6 16. Na4 Qf6 17. Nb6 Rb8 18. c6 bxc6 19. Rxc6 Nf4 20. Ne5 Qg5 21. g3 Bb7 22. Rc7 Nh3+ 23. Kg2 Nf4+ 24. Kg1 Nh3+ 25. Kg2 Nf4+ 26. Kh1 Nxd3 27. Qxd3 f4 28. Nbd7 fxg3 29. fxg3 Nf2+ 30. Rxf2 Rxf2 31. Nxb8 Qf6 32. Kg1 Rb2 33. Qf1 1-0